LEADER 00820nam0 2200253 450 001 000006943 005 20060330123636.0 010 $a88-14-10254-6 100 $a20060330d2003----km-y0itay50------ba 101 0 $aita 102 $aIT 105 $ay-------001yy 200 1 $a<>autonomia tributaria regionale$enello studio sistematico dell'IRAP$fSimone Francesco Cociani 210 $aMilano$cGiuffrè$d2003 215 $aXIII, 481 p.$d24 cm 225 2 $a<>ordinamento tributario italiano 410 0$12001$a<>ordinamento tributario italiano 676 $a343.45043$v20 700 1$aCociani,$bSimone Francesco$0495976 801 0$aIT$bUNIPARTHENOPE$c20060330$gRICA$2UNIMARC 912 $a000006943 951 $aM-0020$b36493$cNAVA3 996 $aAutonomia tributaria regionale$9669339 997 $aUNIPARTHENOPE